[Event "M.Chigorin Memorial 2014"]
[Site "St. Petersburg"]
[Date "2014.10.24"]
[Round "7.1"]
[White "Ivanisevic, Ivan"]
[Black "Khismatullin, Denis"]
[Result "1-0"]
[WhiteElo "2623"]
[BlackElo "2681"]
[PlyCount "135"]
[EventDate "2014.10.18"]

1. d4 Nf6 2. c4 e6 3. g3 d5 4. Bg2 Be7 5. Nf3 O-O 6. Nc3 dxc4 7. Ne5 Nc6 8.
Bxc6 bxc6 9. Nxc6 Qe8 10. Nxe7+ Qxe7 11. Qa4 Bb7 12. f3 e5 13. dxe5 Ng4 14. Qa5
Nxe5 15. O-O c5 16. Bf4 Rfe8 17. Rad1 Nc6 18. Qc7 Qxc7 19. Bxc7 Nd4 20. Kf2 Re6
21. Rd2 f5 22. Bf4 Rae8 23. h4 Bc6 24. Rfd1 h6 25. Rxd4 cxd4 26. Rxd4 a6 27. e3
Kh7 28. Rxc4 Rg8 29. Rc5 g5 30. Be5 gxh4 31. gxh4 Reg6 32. Ne2 Rc8 33. Nf4 Rgg8
34. Bc3 Rgf8 35. Ra5 Bb5 36. a4 Bc4 37. Nh5 Kg6 38. Nf4+ Kh7 39. Bd4 Rb8 40.
Rc5 Rbc8 41. Ra5 Rb8 42. Nh5 Kg6 43. Ng7 f4 44. exf4 Rbd8 45. f5+ Kh7 46. Bc3
Rd5 47. Rxd5 Bxd5 48. Ke3 Bc6 49. a5 Kg8 50. Kf4 Bd7 51. f6 Kf7 52. Ke5 Rc8 53.
Kd6 Bh3 54. Be5 Rd8+ 55. Kc5 Bg2 56. f4 Be4 57. Kb6 Bd3 58. f5 Rd5 59. Bc3 Rd7
60. Ne6 Bxf5 61. Nc5 Rd1 62. Kxa6 Rh1 63. Kb6 Rxh4 64. a6 Bh3 65. a7 Bg2 66.
Nb7 Ra4 67. Nd8+ Kf8 68. b3 1-0

[Event "M.Chigorin Memorial 2014"]
[Site "St. Petersburg"]
[Date "2014.10.24"]
[Round "7.2"]
[White "Volkov, Sergey"]
[Black "Rodshtein, Maxim"]
[Result "0-1"]
[WhiteElo "2599"]
[BlackElo "2678"]
[PlyCount "86"]
[EventDate "2014.10.18"]

1. d4 Nf6 2. c4 e6 3. Nc3 Bb4 4. f3 O-O 5. a3 Bxc3+ 6. bxc3 Nh5 7. Nh3 f5 8.
Bg5 Qe8 9. g4 Nf6 10. gxf5 exf5 11. Nf4 d6 12. Qd3 Nc6 13. Bh3 Nh5 14. Nd5 Qf7
15. O-O-O h6 16. Bd2 Na5 17. Rhg1 Kh8 18. Rg2 b5 19. Nf4 bxc4 20. Qc2 Nb3+ 21.
Kb1 Nxd2+ 22. Qxd2 g5 23. Nxh5 Qxh5 24. Rg3 f4 25. Bxc8 fxg3 26. Bg4 Qxh2 27.
d5 Rae8 28. Be6 Rf4 29. Qc2 Kg7 30. Qa4 Re7 31. e3 Rf8 32. Qxa7 g2 33. Qd4+ Qe5
34. Qxe5+ dxe5 35. Rg1 Rxf3 36. Rxg2 Rxe3 37. Kc2 Re8 38. a4 Rf8 39. d6 cxd6
40. Bxc4 Rff3 41. Bd5 Rxc3+ 42. Kb2 Rfd3 43. Rf2 Rc7 0-1

[Event "M.Chigorin Memorial 2014"]
[Site "St. Petersburg"]
[Date "2014.10.24"]
[Round "7.5"]
[White "Bernadskiy, Vitaliy"]
[Black "Bukavshin, Ivan"]
[Result "0-1"]
[WhiteElo "2558"]
[BlackElo "2616"]
[PlyCount "94"]
[EventDate "2014.10.18"]

1. e4 c5 2. Nf3 e6 3. g3 Nc6 4. Bg2 Nf6 5. Qe2 e5 6. O-O Be7 7. d3 O-O 8. Nbd2
Re8 9. c3 Bf8 10. a3 d5 11. b4 d4 12. cxd4 Nxd4 13. Nxd4 Qxd4 14. Nb3 Qc3 15.
Rb1 cxb4 16. Bd2 Qc2 17. Rfc1 Qa2 18. Qd1 Bg4 19. f3 Be6 20. axb4 Red8 21. Bf1
b6 22. Bc3 Qa4 23. Nd2 Qxd1 24. Rxd1 Nd7 25. Nc4 Rac8 26. b5 f6 27. Kg2 Nc5 28.
Ba1 Rd7 29. Ne3 Rcd8 30. Nd5 Bxd5 31. exd5 Rxd5 32. d4 Kh8 33. Bc4 R5d7 34. d5
Rc7 35. Rbc1 Nb7 36. Ba2 Rxc1 37. Rxc1 Bc5 38. Bc4 Kg8 39. Bc3 Rc8 40. Bd3 Be3
41. Bf5 Rc5 42. Be6+ Kf8 43. Rc2 Nd6 44. Kh3 Ke8 45. Ra2 Rxc3 46. Rxa7 f5 47.
Rxg7 Rc2 0-1

[Event "M.Chigorin Memorial 2014"]
[Site "St. Petersburg"]
[Date "2014.10.24"]
[Round "7.6"]
[White "Stupak, Kirill"]
[Black "Sethuraman, S.P."]
[Result "1/2-1/2"]
[WhiteElo "2545"]
[BlackElo "2613"]
[PlyCount "99"]
[EventDate "2014.10.18"]

1. d4 Nf6 2. c4 e6 3. Nf3 d5 4. Nc3 c6 5. Bg5 h6 6. Bxf6 Qxf6 7. e3 g6 8. Qc2
Nd7 9. Be2 Bg7 10. O-O O-O 11. cxd5 exd5 12. b4 Qd6 13. b5 c5 14. Rfd1 Nb6 15.
a4 Be6 16. a5 Nd7 17. dxc5 Qxc5 18. Nd4 Rac8 19. Rac1 Bxd4 20. exd4 Qa3 21. a6
bxa6 22. Qd2 a5 23. Nb1 Qb4 24. Qxh6 Nf6 25. Qd2 Bf5 26. f3 Rfe8 27. Kf2 Qb3
28. Rc3 Rxc3 29. Nxc3 a4 30. Bd3 Rc8 31. Ne2 Bxd3 32. Qxd3 Qb2 33. Rd2 Qb4 34.
Rd1 Rc4 35. Rb1 Qd6 36. g3 Nd7 37. Qe3 Kg7 38. Rb2 Nb6 39. Qe5+ Qxe5 40. dxe5
d4 41. Rd2 a3 42. Nxd4 a2 43. Nb3 Ra4 44. Na1 g5 45. Kg2 Nc4 46. Re2 Ra3 47. e6
fxe6 48. Rxe6 Nb6 49. Rc6 Nd5 50. Ra6 1/2-1/2

[Event "M.Chigorin Memorial 2014"]
[Site "St. Petersburg"]
[Date "2014.10.24"]
[Round "7.7"]
[White "Pridorozhni, Aleksei"]
[Black "Potkin, Vladimir"]
[Result "1/2-1/2"]
[WhiteElo "2514"]
[BlackElo "2610"]
[PlyCount "83"]
[EventDate "2014.10.18"]

1. e4 c5 2. Nf3 e6 3. c4 Nc6 4. Be2 g5 5. O-O Bg7 6. d3 h6 7. Nc3 Nge7 8. Ne1
d5 9. exd5 exd5 10. f4 Be6 11. Bg4 Bxg4 12. Qxg4 dxc4 13. fxg5 cxd3 14. Be3
hxg5 15. Bxc5 Qc7 16. h3 Ne5 17. Qa4+ Qc6 18. Qb4 Rh4 19. Qb5 Rc4 20. Qxc6+
N7xc6 21. Be3 g4 22. Rd1 O-O-O 23. Bg5 Rd7 24. h4 Nd4 25. Rd2 Ne6 26. Be3 g3
27. Nf3 Nxf3+ 28. Rxf3 Rxh4 29. Rxg3 Bxc3 30. bxc3 Ra4 31. Rf3 Ra3 32. Bd4 Nxd4
33. cxd4 Rxd4 34. Rxf7 a5 35. Kf2 b5 36. Ke3 Rd6 37. g4 Ra4 38. g5 Re6+ 39. Kf3
Rd4 40. Rf5 b4 41. Rxa5 Kc7 42. Rf5 1/2-1/2

[Event "M.Chigorin Memorial 2014"]
[Site "St. Petersburg"]
[Date "2014.10.24"]
[Round "7.8"]
[White "Goganov, Aleksey"]
[Black "Alekseenko, Kirill"]
[Result "1/2-1/2"]
[WhiteElo "2608"]
[BlackElo "2483"]
[PlyCount "82"]
[EventDate "2014.10.18"]

1. d4 d5 2. c4 dxc4 3. e4 Nf6 4. e5 Nd5 5. Bxc4 Nc6 6. Nc3 Be6 7. Bb3 Na5 8.
Ba4+ c6 9. Nge2 Nxc3 10. bxc3 Bc4 11. O-O e6 12. Re1 h5 13. Nf4 h4 14. Qg4 Qd7
15. d5 Bxd5 16. Nxd5 Qxd5 17. Bg5 h3 18. Re4 Bc5 19. Rd1 Qxa2 20. Bh4 b5 21.
Qxg7 Rxh4 22. Qg8+ Ke7 23. Qg5+ Ke8 24. Qg8+ Ke7 25. Qg5+ Ke8 26. Qxh4 bxa4 27.
Rg4 Qb3 28. Rg8+ Bf8 29. Qd4 Qd5 30. Qxa4 Qc5 31. Qh4 hxg2 32. Qh8 Qe7 33. h4
Nc4 34. h5 Nb6 35. h6 Nd5 36. h7 Qh4 37. Rxg2 Nf4 38. Qg8 Nh3+ 39. Kf1 Qc4+ 40.
Ke1 Qe4+ 41. Kf1 Qf4 1/2-1/2

[Event "M.Chigorin Memorial 2014"]
[Site "St. Petersburg"]
[Date "2014.10.24"]
[Round "7.9"]
[White "Predke, Alexandr"]
[Black "Savchenko, Boris"]
[Result "1-0"]
[WhiteElo "2511"]
[BlackElo "2608"]
[PlyCount "87"]
[EventDate "2014.10.18"]

1. e4 e6 2. d4 d5 3. Nc3 Bb4 4. e5 Ne7 5. a3 Bxc3+ 6. bxc3 c5 7. Qg4 O-O 8. Bd3
Nbc6 9. Qh5 Ng6 10. Nf3 Qc7 11. Be3 c4 12. Bxg6 fxg6 13. Qg4 Qf7 14. Ng5 Qe8
15. h4 a5 16. Nh3 Ne7 17. Nf4 h6 18. a4 Kh7 19. Bc1 Bd7 20. Ba3 Qf7 21. g3 Rfe8
22. h5 g5 23. Bxe7 Rxe7 24. Ng6 Ree8 25. f4 Qf5 26. Qxf5 exf5 27. O-O Rab8 28.
g4 fxg4 29. f5 Red8 30. f6 gxf6 31. Rxf6 Kg8 32. Ne7+ Kh7 33. Rf7+ Kh8 34. Raf1
Be8 35. Ng6+ Kg8 36. Ne7+ Kh8 37. R7f6 Kh7 38. Nf5 b5 39. axb5 Rxb5 40. Rxh6+
Kg8 41. Nd6 Rbb8 42. Rf5 Rd7 43. Re6 Rxd6 44. Rxg5+ 1-0

[Event "M.Chigorin Memorial 2014"]
[Site "St. Petersburg"]
[Date "2014.10.24"]
[Round "7.10"]
[White "Grachev, Boris"]
[Black "Popov, Valerij"]
[Result "1/2-1/2"]
[WhiteElo "2673"]
[BlackElo "2546"]
[PlyCount "82"]
[EventDate "2014.10.18"]

1. d4 d5 2. c4 c6 3. Nf3 Nf6 4. e3 Bf5 5. Nc3 a6 6. Bd3 Bg6 7. O-O e6 8. Re1
Nbd7 9. e4 dxe4 10. Nxe4 Bb4 11. Re3 Nxe4 12. Bxe4 Bd6 13. Bxg6 hxg6 14. h3 Rh5
15. b4 Kf8 16. Rb3 Qe7 17. Bb2 Kg8 18. Qe2 Rd8 19. c5 Bc7 20. a4 Rd5 21. b5
axb5 22. axb5 cxb5 23. Rxb5 b6 24. cxb6 Nxb6 25. Bc1 Rxb5 26. Qxb5 Rd5 27. Qc6
Qd7 28. Qxd7 Rxd7 29. Ba3 Rd8 30. Bc5 Ra8 31. Rxa8+ Nxa8 32. Kf1 Ba5 33. Ne5
Nc7 34. Nc6 Bd2 35. Ke2 Bc1 36. Ne7+ Kh7 37. h4 Bh6 38. g4 Bf4 39. Kf3 Bh2 40.
Kg2 Bf4 41. Kf3 Bh2 1/2-1/2

[Event "M.Chigorin Memorial 2014"]
[Site "St. Petersburg"]
[Date "2014.10.24"]
[Round "7.11"]
[White "Matlakov, Maxim"]
[Black "Prizant, Jaroslav"]
[Result "1/2-1/2"]
[WhiteElo "2692"]
[BlackElo "2511"]
[PlyCount "82"]
[EventDate "2014.10.18"]

1. d4 Nf6 2. c4 d6 3. Nf3 g6 4. Nc3 Bg7 5. e4 O-O 6. Be2 Bg4 7. Be3 Nfd7 8. Qd2
e5 9. d5 f5 10. Qc2 Na6 11. a3 Nac5 12. h3 Bxf3 13. Bxf3 a5 14. b3 a4 15. Nxa4
Nxa4 16. bxa4 b6 17. Rb1 Qh4 18. Rb5 Ra6 19. a5 Rxa5 20. Rxa5 bxa5 21. Qa4 fxe4
22. g3 Qf6 23. Bxe4 Bh6 24. Ba7 Nb6 25. Bxb6 cxb6 26. O-O Be3 27. Qc2 Bc5 28.
a4 Kg7 29. Kg2 h5 30. h4 g5 31. Qe2 gxh4 32. Qxh5 Qh6 33. Qg4+ Kh8 34. Qxh4
Qxh4 35. gxh4 Rf4 36. f3 Rxh4 37. Rh1 Rxh1 38. Kxh1 Kg7 39. Kg2 Kf6 40. Kf1 Kg5
41. Ke2 Kf4 1/2-1/2

[Event "M.Chigorin Memorial 2014"]
[Site "St. Petersburg"]
[Date "2014.10.24"]
[Round "7.12"]
[White "Alekseev, Evgeny"]
[Black "Batchuluun, Tsegmed"]
[Result "1-0"]
[WhiteElo "2682"]
[BlackElo "2523"]
[PlyCount "149"]
[EventDate "2014.10.18"]

1. e4 e6 2. d4 d5 3. Nc3 Nf6 4. e5 Nfd7 5. f4 c5 6. Nf3 Nc6 7. Be3 cxd4 8. Nxd4
Qb6 9. Be2 Bc5 10. Na4 Qa5+ 11. c3 Nxd4 12. Bxd4 Bxd4 13. Qxd4 b6 14. Bd1 Qb5
15. b4 a5 16. Nb2 Qc6 17. O-O O-O 18. Rf3 Ba6 19. a3 axb4 20. cxb4 Rfc8 21. a4
Qc7 22. Re3 Bc4 23. f5 exf5 24. Bf3 Rab8 25. Rc1 Qd8 26. e6 fxe6 27. Rxe6 Nf6
28. Nxc4 dxc4 29. Rd6 Qe8 30. b5 Ne4 31. Rd5 Qe6 32. Rxc4 Rxc4 33. Qxc4 Nd6 34.
Qc3 Re8 35. h3 Ne4 36. Qc6 Ng5 37. Qxe6+ Rxe6 38. Rd8+ Kf7 39. Bd5 Ke7 40. Bxe6
Kxd8 41. Bxf5 g6 42. Bc2 Ke7 43. Kf2 Kd6 44. Ke3 Ke5 45. Kd3 Ne4 46. Kc4 Nd6+
47. Kc3 Nb7 48. h4 Nd6 49. g4 Kd5 50. Kb4 Ke5 51. g5 Kf4 52. Kc3 Ke5 53. Bb1
Kd5 54. Kb4 Ke5 55. Ba2 Kf4 56. Kc3 Ke5 57. Bg8 Nf5 58. Kb4 Kd6 59. a5 Kc7 60.
h5 gxh5 61. Bxh7 bxa5+ 62. Kxa5 Nd6 63. g6 Ne8 64. b6+ Kb8 65. Bg8 h4 66. Be6
Kb7 67. Bh3 Ng7 68. Kb5 Nh5 69. Kc5 Ng7 70. Bg2+ Kb8 71. Kd6 Nh5 72. Bf3 Ng7
73. Ke7 h3 74. Kf7 Nf5 75. g7 1-0

[Event "M.Chigorin Memorial 2014"]
[Site "St. Petersburg"]
[Date "2014.10.24"]
[Round "7.13"]
[White "Oral, Tomas"]
[Black "Sjugirov, Sanan"]
[Result "0-1"]
[WhiteElo "2513"]
[BlackElo "2664"]
[PlyCount "46"]
[EventDate "2014.10.18"]

1. e4 c6 2. d4 d5 3. exd5 cxd5 4. c4 Nf6 5. Nc3 Nc6 6. Bg5 Ne4 7. Nxe4 dxe4 8.
d5 Ne5 9. Rc1 g6 10. c5 Bg7 11. Qa4+ Bd7 12. c6 bxc6 13. dxc6 Nxc6 14. Rxc6 O-O
15. Qxe4 Bxc6 16. Qxc6 Qa5+ 17. Bd2 Qxa2 18. Bd3 Rad8 19. Ke2 Rd6 20. Qc4 Qa1
21. Qc1 Re6+ 22. Kf3 Qa4 23. Qc4 Qd1+ 0-1

[Event "M.Chigorin Memorial 2014"]
[Site "St. Petersburg"]
[Date "2014.10.24"]
[Round "7.14"]
[White "Smirin, Ilia"]
[Black "Levin, Evgeny A"]
[Result "0-1"]
[WhiteElo "2655"]
[BlackElo "2507"]
[PlyCount "89"]
[EventDate "2014.10.18"]

1. c4 Nf6 2. Nc3 e6 3. e4 d5 4. e5 d4 5. exf6 dxc3 6. bxc3 Qxf6 7. Nf3 c5 8. d4
h6 9. Bd3 cxd4 10. cxd4 Bb4+ 11. Kf1 O-O 12. h4 Qe7 13. Rh3 Nc6 14. Bxh6 gxh6
15. Rg3+ Kh8 16. Qc1 f5 17. Qxh6+ Qh7 18. Qf4 Ba5 19. d5 Bc7 20. d6 Bd8 21. Re1
Bd7 22. Be4 e5 23. Nxe5 Nxe5 24. Bxb7 Rb8 25. Qxe5+ Bf6 26. Qd5 f4 27. Rb3 Qxh4
28. Kg1 Rbe8 29. Rbb1 Kg7 30. Rxe8 Rxe8 31. Qf3 Rh8 32. g3 fxg3 33. Qxg3+ Qxg3+
34. fxg3 Rb8 35. Rb3 a5 36. Be4 Rxb3 37. axb3 Be5 38. Kf2 Bxd6 39. Ke3 Bc5+ 40.
Kf4 Kf6 41. g4 Bd6+ 42. Ke3 Bxg4 43. Kd4 Bb4 44. c5 Ke7 45. Kc4 0-1

[Event "M.Chigorin Memorial 2014"]
[Site "St. Petersburg"]
[Date "2014.10.24"]
[Round "7.15"]
[White "Khairullin, Ildar"]
[Black "Matinian, Nikita"]
[Result "1/2-1/2"]
[WhiteElo "2643"]
[BlackElo "2470"]
[PlyCount "34"]
[EventDate "2014.10.18"]

1. d4 d5 2. c4 c6 3. Nc3 Nf6 4. e3 g6 5. Nf3 Bg7 6. Be2 O-O 7. O-O a6 8. a4 a5
9. cxd5 cxd5 10. Qb3 Nc6 11. Bd2 Ne4 12. Nxd5 Be6 13. Bc4 Nd6 14. Bd3 Nf5 15.
Bc4 Nd6 16. Bd3 Nf5 17. Bc4 Nd6 1/2-1/2

[Event "M.Chigorin Memorial 2014"]
[Site "St. Petersburg"]
[Date "2014.10.24"]
[Round "7.16"]
[White "Ponkratov, Pavel"]
[Black "Smirnov, Artem"]
[Result "1-0"]
[WhiteElo "2617"]
[BlackElo "2450"]
[PlyCount "77"]
[EventDate "2014.10.18"]

1. e4 c5 2. Nf3 Nc6 3. d4 cxd4 4. Nxd4 e6 5. Nc3 Qc7 6. Be3 Nf6 7. f4 Nxd4 8.
Qxd4 b6 9. O-O-O Bc5 10. Nb5 Qc6 11. Qd3 Be7 12. e5 Nd5 13. Bd2 O-O 14. Kb1 Bb7
15. Be2 a6 16. Nd4 Qc7 17. Qh3 f6 18. Bd3 g6 19. Qh6 Rf7 20. Nf3 Bf8 21. Qh4
Bg7 22. exf6 Bxf6 23. Qg3 Raf8 24. h4 Rg7 25. Ne5 Ne7 26. Rh3 Nf5 27. Qh2 d6
28. Nf3 e5 29. fxe5 dxe5 30. Ng5 Bxg5 31. hxg5 e4 32. Bf4 Qf7 33. Be2 Bd5 34.
b3 Rc8 35. Be5 e3 36. Bxg7 Qxg7 37. Rxd5 Qc3 38. Bd1 h6 39. Qe5 1-0

[Event "M.Chigorin Memorial 2014"]
[Site "St. Petersburg"]
[Date "2014.10.24"]
[Round "7.17"]
[White "Ganguly, Surya Shekhar"]
[Black "Ziaziulkina, Nastassia"]
[Result "1-0"]
[WhiteElo "2613"]
[BlackElo "2429"]
[PlyCount "69"]
[EventDate "2014.10.18"]

1. e4 c5 2. Nf3 d6 3. d4 cxd4 4. Nxd4 Nf6 5. Nc3 a6 6. Be2 e6 7. O-O Be7 8. f4
O-O 9. Be3 Nc6 10. a4 Qc7 11. Kh1 Re8 12. Bf3 Rb8 13. g4 d5 14. e5 Nd7 15. Nce2
Nc5 16. Bg2 Bd7 17. Rf3 Nxd4 18. Bxd4 Rbc8 19. c3 Ne4 20. Rh3 Red8 21. g5 g6
22. Qe1 Qc4 23. Bf3 Bf8 24. Qh4 Bg7 25. f5 gxf5 26. Nf4 Kf8 27. Nh5 Bh8 28. Nf6
Bxa4 29. g6 hxg6 30. Bxe4 dxe4 31. Nd7+ Ke8 32. Nb6 Bg7 33. Nxc4 Rxc4 34. Qh7
Bf8 35. Qg8 1-0

[Event "M.Chigorin Memorial 2014"]
[Site "St. Petersburg"]
[Date "2014.10.24"]
[Round "7.18"]
[White "Wen, Yang"]
[Black "Akhmetov, Ayan"]
[Result "1-0"]
[WhiteElo "2601"]
[BlackElo "2351"]
[PlyCount "51"]
[EventDate "2014.10.18"]

1. Nf3 Nf6 2. c4 e6 3. g3 c5 4. Bg2 Qc7 5. Nc3 a6 6. O-O b6 7. d4 cxd4 8. Bf4
d6 9. Nxd4 Bb7 10. Bxd6 Bxd6 11. Ndb5 axb5 12. Nxb5 Bxg2 13. Nxc7+ Bxc7 14.
Kxg2 Nc6 15. e3 Ke7 16. a3 h5 17. Rc1 Nd7 18. f4 Bd6 19. Qf3 Rac8 20. b4 g6 21.
Rfd1 Rhd8 22. h3 Nf6 23. Rc2 Rd7 24. Rcd2 Nd8 25. e4 e5 26. Rxd6 1-0

[Event "M.Chigorin Memorial 2014"]
[Site "St. Petersburg"]
[Date "2014.10.24"]
[Round "7.19"]
[White "Yakovich, Yuri"]
[Black "Demchenko, Anton"]
[Result "0-1"]
[WhiteElo "2523"]
[BlackElo "2588"]
[PlyCount "94"]
[EventDate "2014.10.18"]

1. d4 Nf6 2. c4 g6 3. Nf3 Bg7 4. g3 O-O 5. Bg2 d6 6. O-O Nbd7 7. Nc3 e5 8. e4
exd4 9. Nxd4 Re8 10. h3 Nc5 11. Re1 a5 12. b3 h6 13. Rb1 Bd7 14. Kh2 h5 15. f4
Nh7 16. Be3 c6 17. Qd2 Qc7 18. Rbd1 Rad8 19. Qc2 Bc8 20. a3 Nf6 21. b4 axb4 22.
axb4 Na6 23. Qb1 Bd7 24. Nde2 b6 25. b5 cxb5 26. cxb5 Nc5 27. Nd4 Rc8 28. Rc1
Be6 29. Nc6 Nfd7 30. Red1 Ra8 31. Nb4 Ra3 32. Ncd5 Qa7 33. Nc6 Qa4 34. Bxc5
bxc5 35. Nc7 Ba2 36. Qc2 Bb3 37. Qd2 Rxe4 38. Bxe4 Bxd1 39. Bg2 Bf3 40. Bxf3
Rxf3 41. Rg1 Nf6 42. Rg2 h4 43. Qxd6 hxg3+ 44. Rxg3 Qc2+ 45. Rg2 Qb3 46. Qd8+
Kh7 47. Qc8 Qe3 0-1

[Event "M.Chigorin Memorial 2014"]
[Site "St. Petersburg"]
[Date "2014.10.24"]
[Round "7.20"]
[White "Yemelin, Vasily"]
[Black "Gorozhanin, Mikhail"]
[Result "1-0"]
[WhiteElo "2568"]
[BlackElo "2317"]
[PlyCount "59"]
[EventDate "2014.10.18"]

1. e4 e6 2. d4 d5 3. Nd2 Nf6 4. e5 Nfd7 5. c3 c5 6. Bd3 Nc6 7. Ne2 cxd4 8. cxd4
f6 9. exf6 Qxf6 10. Nf3 h6 11. O-O Bd6 12. Ng3 O-O 13. Bc2 Rd8 14. Re1 Nf8 15.
Ne5 Bd7 16. Nh5 Qh4 17. Re3 Be8 18. Nxg7 Bxe5 19. dxe5 Kxg7 20. Rh3 Qxh3 21.
gxh3 Bg6 22. h4 Bxc2 23. Qxc2 Ng6 24. Kh1 Nxh4 25. Qb3 Rd7 26. Qh3 Nf5 27.
Bxh6+ Kh8 28. Bg5+ Kg8 29. Bf6 Ng7 30. Rg1 1-0

[Event "M.Chigorin Memorial 2014"]
[Site "St. Petersburg"]
[Date "2014.10.24"]
[Round "7.21"]
[White "Gochelashvili, David"]
[Black "Gabrielian, Artur"]
[Result "0-1"]
[WhiteElo "2427"]
[BlackElo "2557"]
[PlyCount "70"]
[EventDate "2014.10.18"]

1. c4 e6 2. Nf3 d5 3. b3 Nf6 4. Bb2 Be7 5. g3 O-O 6. Bg2 b6 7. O-O Bb7 8. cxd5
exd5 9. d4 Nbd7 10. Nc3 Re8 11. Ne5 Bf8 12. f4 c5 13. e3 cxd4 14. exd4 Ne4 15.
Rc1 Nxc3 16. Rxc3 Nf6 17. Qc2 Bd6 18. Qf5 Qe7 19. Rfc1 Rad8 20. b4 a6 21. a4
Ne4 22. Nc6 Bxc6 23. Rxc6 g6 24. Qxd5 Bxf4 25. Qxe4 Qxe4 26. Bxe4 Bxc1 27. Bxc1
Rxe4 28. Bg5 Rde8 29. Bf6 R4e6 30. b5 axb5 31. axb5 Re2 32. Rxb6 Rb2 33. Kf1
Ra8 34. Ra6 Rxa6 35. bxa6 Rb6 0-1

[Event "M.Chigorin Memorial 2014"]
[Site "St. Petersburg"]
[Date "2014.10.24"]
[Round "7.22"]
[White "Lintchevski, Daniil"]
[Black "Kashtanov, Ruslan"]
[Result "1-0"]
[WhiteElo "2555"]
[BlackElo "2316"]
[PlyCount "79"]
[EventDate "2014.10.18"]

1. Nf3 Nf6 2. g3 g6 3. Bg2 Bg7 4. O-O O-O 5. c4 c5 6. Nc3 Nc6 7. d4 cxd4 8.
Nxd4 Ng4 9. e3 d6 10. b3 Nxd4 11. exd4 Rb8 12. a4 Nh6 13. Bxh6 Bxh6 14. a5 Bg7
15. Qd2 b6 16. a6 b5 17. cxb5 d5 18. Bxd5 Bh3 19. Bg2 Bxg2 20. Kxg2 Bxd4 21.
Rad1 e5 22. Ne2 Qd5+ 23. f3 Rfd8 24. Nxd4 exd4 25. Qe2 d3 26. Qe3 Rd7 27. Rd2
Qxb5 28. f4 Qxa6 29. f5 Qc6+ 30. Rf3 Rbd8 31. Qf4 Rd4 32. Qh6 R4d6 33. Qf4 Qb7
34. f6 h5 35. h3 Kh7 36. g4 Rd4 37. Qg3 Qd5 38. Kf2 Qc5 39. Kg2 Qd5 40. Kh2 1-0

[Event "M.Chigorin Memorial 2014"]
[Site "St. Petersburg"]
[Date "2014.10.24"]
[Round "7.23"]
[White "Kukhmazov, Arsen"]
[Black "Rozum, Ivan"]
[Result "1/2-1/2"]
[WhiteElo "2351"]
[BlackElo "2551"]
[PlyCount "104"]
[EventDate "2014.10.18"]

1. d4 Nf6 2. c4 e6 3. Nc3 Bb4 4. Qc2 O-O 5. a3 Bxc3+ 6. Qxc3 b5 7. cxb5 c6 8.
Bg5 cxb5 9. e3 Bb7 10. Nf3 a6 11. Bd3 h6 12. Bh4 d6 13. O-O Nbd7 14. a4 Rc8 15.
Qe1 Bc6 16. Bg3 e5 17. axb5 axb5 18. Bf5 Re8 19. Qb4 Qc7 20. Rfc1 Qb8 21. Bh4
Nd5 22. Qb3 N5b6 23. Nd2 exd4 24. exd4 Qb7 25. Bg3 Re2 26. Qd3 Rce8 27. Bg4
Rxd2 28. Qxd2 Bxg2 29. Qf4 Re4 30. Bf3 Bxf3 31. Qxf3 Qd5 32. Rd1 h5 33. h4 Nc4
34. Kg2 Nxb2 35. Rdb1 Nd3 36. Rxb5 Qxd4 37. Ra8+ Nf8 38. Kh2 Ne5 39. Qxh5 Ng4+
40. Kg2 Nf6 41. Qf3 Re1 42. Rbb8 N6d7 43. Rd8 Re7 44. Qc6 f5 45. Qxd6 Qe4+ 46.
Kh2 Kf7 47. Qd2 Ne6 48. Rxd7 Qxa8 49. Rxe7+ Kxe7 50. Qd6+ Kf7 51. Qd7+ Kf6 52.
Bd6 Qd8 1/2-1/2

[Event "M.Chigorin Memorial 2014"]
[Site "St. Petersburg"]
[Date "2014.10.24"]
[Round "7.24"]
[White "Sorokin, Aleksey"]
[Black "Tukhaev, Adam"]
[Result "1/2-1/2"]
[WhiteElo "2246"]
[BlackElo "2551"]
[PlyCount "77"]
[EventDate "2014.10.18"]

1. d4 d5 2. c4 c6 3. Nf3 e6 4. Qc2 dxc4 5. Qxc4 Nf6 6. g3 b5 7. Qc2 Bb7 8. Bg2
Nbd7 9. Nc3 c5 10. O-O a6 11. Bg5 cxd4 12. Nxd4 Bxg2 13. Kxg2 Rc8 14. Bxf6 Qxf6
15. Ne4 Qd8 16. Qd1 Nc5 17. Nxc5 Bxc5 18. Nf3 Qxd1 19. Rfxd1 Ke7 20. a4 b4 21.
Rac1 Rc7 22. Ne5 Rhc8 23. Nd3 Bd6 24. Rxc7+ Rxc7 25. Rc1 Rxc1 26. Nxc1 f5 27.
b3 e5 28. f3 e4 29. fxe4 fxe4 30. e3 g5 31. g4 Ke6 32. Ne2 Be5 33. Ng3 Bxg3 34.
Kxg3 h6 35. h3 Ke5 36. Kf2 Ke6 37. Kg3 Ke5 38. Kf2 Ke6 39. Kg3 1/2-1/2

[Event "M.Chigorin Memorial 2014"]
[Site "St. Petersburg"]
[Date "2014.10.24"]
[Round "7.25"]
[White "Lalith, Babu M.R"]
[Black "Schekachikhin, Maksim"]
[Result "1-0"]
[WhiteElo "2547"]
[BlackElo "2233"]
[PlyCount "97"]
[EventDate "2014.10.18"]

1. d4 Nf6 2. c4 e6 3. Nf3 b6 4. g3 Ba6 5. Qc2 Bb7 6. Bg2 c5 7. d5 exd5 8. cxd5
Bxd5 9. Nc3 Bc6 10. O-O Be7 11. e4 O-O 12. Rd1 Qc8 13. Ne5 d6 14. Nc4 Rd8 15.
Bf4 Qe6 16. Nd5 Bxd5 17. exd5 Qd7 18. Qe2 h6 19. Bd2 Re8 20. a4 Qd8 21. Ne3 Bf8
22. a5 Nbd7 23. a6 Ne5 24. Qb5 Rc8 25. Bc3 Qd7 26. Qxd7 Nexd7 27. Bf1 Ne4 28.
Be1 Ne5 29. Bb5 Red8 30. Kg2 c4 31. f3 Rc5 32. Ba4 Nf6 33. Bb4 Rc7 34. Bb5 Rdc8
35. Rd4 g6 36. f4 Nfg4 37. Nxg4 Nxg4 38. Rd2 Rc5 39. Bxc5 Rxc5 40. Bc6 Bg7 41.
Re1 Ra5 42. Re8+ Kh7 43. Kf3 Nf6 44. Re7 Rxa6 45. Rxf7 Kg8 46. Rc7 Ra5 47. Re2
Bf8 48. Re6 Nh7 49. Be8 1-0

[Event "M.Chigorin Memorial 2014"]
[Site "St. Petersburg"]
[Date "2014.10.24"]
[Round "7.26"]
[White "Smirnov, Pavel"]
[Black "Golubov, Saveliy"]
[Result "1/2-1/2"]
[WhiteElo "2611"]
[BlackElo "2347"]
[PlyCount "139"]
[EventDate "2014.10.18"]

1. d4 Nf6 2. c4 e6 3. Nc3 Bb4 4. g3 O-O 5. Bg2 d6 6. Nf3 c5 7. O-O cxd4 8. Nxd4
a6 9. Nc2 Ba5 10. Bg5 Bxc3 11. bxc3 Qe7 12. Bxf6 Qxf6 13. Qxd6 Qxc3 14. Nd4 Nd7
15. Rac1 Qa5 16. c5 Nf6 17. c6 Nd5 18. e4 Qb4 19. Qc5 b6 20. Qxb4 Nxb4 21. a3
Nd3 22. Rb1 b5 23. Rfd1 Ne5 24. a4 bxa4 25. f4 Nc4 26. Rdc1 Nd2 27. Rb4 e5 28.
fxe5 Nb3 29. Nxb3 axb3 30. Rxb3 Be6 31. Ra3 a5 32. Bf1 Rfc8 33. Bb5 Rc7 34. Kf2
Kf8 35. Ke3 Ke7 36. Kd4 Bd7 37. Kc5 Rb8 38. Rcc3 Be8 39. Rc4 Ke6 40. Rxa5 Kxe5
41. Ra6 g5 42. Rb6 Rbc8 43. Rc1 f6 44. Rd1 h5 45. Rf1 Bd7 46. h4 gxh4 47. gxh4
Ra7 48. Rd1 Bg4 49. Rd5+ Kf4 50. Ba6 Re8 51. Bd3 Rc8 52. Ra6 Re7 53. Rd6 Ke5
54. Ra1 Kf4 55. Rxf6+ Kg3 56. Rg1+ Kxh4 57. Rg6 Rd8 58. Bc4 Rxe4 59. c7 Re5+
60. Kb6 Rf8 61. Ba6 Re6+ 62. Rxe6 Bxe6 63. Kc5 Bg4 64. Bb7 Kh3 65. Re1 Kg3 66.
Re7 h4 67. Rg7 Kf4 68. Rh7 h3 69. Rh4 Kg3 70. Rxg4+ 1/2-1/2

[Event "M.Chigorin Memorial 2014"]
[Site "St. Petersburg"]
[Date "2014.10.24"]
[Round "7.27"]
[White "Timofeev, Artyom"]
[Black "Bublei, Pavel"]
[Result "1-0"]
[WhiteElo "2598"]
[BlackElo "2339"]
[PlyCount "41"]
[EventDate "2014.10.18"]

1. e4 c6 2. d4 d5 3. f3 dxe4 4. fxe4 e5 5. Nf3 exd4 6. Bc4 Nf6 7. O-O Nbd7 8.
e5 Nd5 9. Bxd5 cxd5 10. Nbd2 Be7 11. Nb3 O-O 12. Nbxd4 Nc5 13. Be3 Bg4 14. h3
Bd7 15. Nb3 Nxb3 16. axb3 Bb5 17. Rf2 a6 18. Nd4 Bd7 19. Qd3 Qc7 20. Nf5 Qxe5
21. Qxd5 1-0